Readings for sociology / (Record no. 10080)
[ view plain ]
| 000 -LEADER | |
|---|---|
| fixed length control field | 02802cam a22003134a 4500 |
| 001 - CONTROL NUMBER | |
| control field | 15348894 |
| 003 - CONTROL NUMBER IDENTIFIER | |
| control field | GZU |
| 005 - DATE AND TIME OF LATEST TRANSACTION | |
| control field | 20221116084611.0 |
| 008 - FIXED-LENGTH DATA ELEMENTS--GENERAL INFORMATION | |
| fixed length control field | 080630s2009 nyu b 000 0 eng |
| 010 ## - LIBRARY OF CONGRESS CONTROL NUMBER | |
| LC control number | 2008028311 |
| 020 ## - INTERNATIONAL STANDARD BOOK NUMBER | |
| International Standard Book Number | 9780393932447 (pbk.) |
| 022 ## - INTERNATIONAL STANDARD SERIAL NUMBER | |
| International Standard Serial Number | 9780393932447 |
| 040 ## - CATALOGING SOURCE | |
| Original cataloging agency | DLC |
| Transcribing agency | DLC |
| Modifying agency | DLC |
| 050 00 - LIBRARY OF CONGRESS CALL NUMBER | |
| Classification number | HM585 |
| Item number | .REA 2009 |
| 245 00 - TITLE STATEMENT | |
| Title | Readings for sociology / |
| Statement of responsibility, etc. | edited by Garth Massey. |
| 246 30 - VARYING FORM OF TITLE | |
| Title proper/short title | Sociology |
| 250 ## - EDITION STATEMENT | |
| Edition statement | 6th ed. |
| 260 ## - PUBLICATION, DISTRIBUTION, ETC. | |
| Place of publication, distribution, etc. | New York, N.Y. : |
| Name of publisher, distributor, etc. | W.W. Norton & Company, |
| Date of publication, distribution, etc. | 2009. |
| 300 ## - PHYSICAL DESCRIPTION | |
| Extent | xvii, 546 p. ; |
| Dimensions | 24 cm. |
| 504 ## - BIBLIOGRAPHY, ETC. NOTE | |
| Bibliography, etc. note | Includes bibliographical references. |
| 505 0# - FORMATTED CONTENTS NOTE | |
| Formatted contents note | Preface -- The study of sociology -- Sociology as an individual pastime (from invitation to sociology) / Peter L. Berger -- From the sociological imagination / C. Wright Mills -- What makes sociology different? (from the Rules of Sociological Method.) / Emile Durkheim -- Public sociologies: contradictions, dilemmas, and possibilities / Michael Burawoy -- The My Lai massacre: a crime of obedience? (from Crimes of Obedience: Toward a Social Psychology of Authority and Responsibility) / Herbert C. Kelman and V. Lee Hamilton -- Telling the truth about damned lies and statistics / Joel Best -- Racism and research: the case of the Tuskegee syphilis study / Allan M.brandt -- Culture and society -- From Nike culture: the sign of the swoosh / Robert Goldman and Stephen Papson -- McDonald's in Hong King: consumerism, dietary change and the rise of a children's culture (from Golden Arches East) / James L. Watson -- A look behind the veil / Elizabeth W. Fernea and Robert A. Fernea -- Code of the street / Elijah Anderson -- Deviance and liminality (from Something Old, Something Bold: Bridal Showers and Bachelorette Parties) / Beth Montemurro -- Social interaction and identity -- On face-work / Erving Goffman -- Civility and order: adult social control of children in public places / Christine Horne, Mary Kris Mcilwaine, and Kristie A. Taylor -- The body and bathing: help with personal care at home / Julia Twigg -- Boyhood, organized sports and the construction of masculinities / Michael Messner -- Women without class: chicas, cholas, trash, and the presence/absence of class identity / Julie Bettie -- My secret life as a black man / Anthony Walton -- Love and race caught in the public eye / Heidi Ardizzone and Earl Lewis -- Go north, young man / Richard Rodriguez. |
| 520 ## - SUMMARY, ETC. | |
| Summary, etc. | n/a |
| 650 #0 - SUBJECT ADDED ENTRY--TOPICAL TERM | |
| Topical term or geographic name entry element | Sociology. |
| 700 1# - ADDED ENTRY--PERSONAL NAME | |
| Personal name | Massey, Garth. |
| Relator term | editor |
| 856 41 - ELECTRONIC LOCATION AND ACCESS | |
| Materials specified | Table of contents only |
| Uniform Resource Identifier | <a href="http://www.loc.gov/catdir/toc/ecip0822/2008028311.html">http://www.loc.gov/catdir/toc/ecip0822/2008028311.html</a> |
| 906 ## - LOCAL DATA ELEMENT F, LDF (RLIN) | |
| a | 7 |
| b | cbc |
| c | orignew |
| d | 1 |
| e | ecip |
| f | 20 |
| g | y-gencatlg |
| 942 ## - ADDED ENTRY ELEMENTS (KOHA) | |
| Source of classification or shelving scheme | Library of Congress Classification |
| Koha item type | Books |
| Edition | Sixth edition |
| Classification part | 585 |
| Item part | REA |
| Call number prefix | HM |
| Withdrawn status | Lost status | Source of classification or shelving scheme | Damaged status | Not for loan | Collection code | Home library | Current library | Shelving location | Date acquired | Source of acquisition | Total Checkouts | Full call number | Barcode | Date last seen | Copy number | Price effective from | Koha item type |
|---|---|---|---|---|---|---|---|---|---|---|---|---|---|---|---|---|---|
| Library of Congress Classification | Non-fiction | City Campus Library | City Campus Library | General Stacks | 10/13/2021 | American Embassy - Harare | HM585 REA 2009 | 031636 | 10/13/2021 | c. 1 | 10/13/2021 | Books |